| 000 | 00393nam a2200145Ia 4500 | ||
|---|---|---|---|
| 008 | 210210b1970 xxu||||| |||| 00| 0 eng d | ||
| 082 | _a327.17 INTE | ||
| 100 | _a- | ||
| 245 | _aInternational cultural cooperation. | ||
| 260 |
_aND _bMinistry of Education & Youth Services _c1970 |
||
| 300 | _axv,152 | ||
| 650 | _aCultural cooperation | ||
| 690 | _aInternational Relations | ||
| 906 | _a031284 | ||
| 999 |
_c82428 _d82428 |
||